TV Cities Quiz Stats

Quiz Updated Mar 24, 2012

Also try: Sitcom Cities
Challenge
Share
Tweet
Embed
Score 0/22 Timer 05:00
0 Plays Today
Television Show Town/City % Correct
How I Met Your MotherNew York, NY
89.3%
George LopezLos Angeles, CA
83.4%
Hawaii Five-0Honolulu, HI
76.6%
The FlintstonesBedrock
75.8%
The West WingWashington D.C.
75.5%
Family MattersChicago, IL
73.5%
Walker, Texas RangerDallas, TX
72.1%
Ally McBealBoston, MA
62.7%
CharmedSan Francisco, CA
56.7%
Family GuyQuahog, RI
54.4%
Nip/TuckMiami, FL
50.6%
Television Show Town/City % Correct
RebaHouston, TX
49.5%
Laverne & ShirleyMilwaukee, WI
45%
Boy Meets WorldPhiladelphia, PA
44.9%
The Andy Griffith ShowMayberry, NC
43.1%
SpongeBob SquarePantsBikini Bottom
43.1%
Two and a Half MenMalibu, CA
33.6%
The Big Bang TheoryPasadena, CA
27.7%
Parks and RecreationPawnee, IN
27.6%
DegrassiToronto, ON
27.2%
GleeLima, OH
16%
Friday Night LightsDillon, TX
11.5%

You're not logged in!

Compare scores with friends on all Sporcle quizzes.
Join for Free
OR
Log In

You Might Also Like...

Show Comments

Extras

Top Quizzes Today


Score Distribution

Your Account Isn't Verified!

In order to create a playlist on Sporcle, you need to verify the email address you used during registration. Go to your Sporcle Settings to finish the process.

Report this User

Report this user for behavior that violates our Community Guidelines.

Details: